header

Language and politics in the sixteenth-century history play (Record no. 206453)

MARC details
000 -LEADER
fixed length control field 01660nam a2200373Ia 4500
082 04 - DEWEY DECIMAL CLASSIFICATION NUMBER
Classification number 822/.051409358
100 1# - MAIN ENTRY--AUTHOR NAME
Personal name Cavanagh, Dermot,
245 10 - TITLE STATEMENT
Title Language and politics in the sixteenth-century history play
260 ## - PUBLICATION, DISTRIBUTION, ETC. (IMPRINT)
Place of publication New York :
Name of publisher Palgrave Macmillan,
Year of publication 2003.
300 ## - PHYSICAL DESCRIPTION
Number of Pages x, 197 p.
490 1# - SERIES STATEMENT
Series statement Early modern literature in history
650 #0 - SUBJECT ADDED ENTRY--TOPICAL TERM
Topical Term English drama
Topical Term Politics and literature
Topical Term Literature and history
Topical Term English language
Topical Term Historical drama, English
Topical Term Political plays, English
856 40 - ELECTRONIC LOCATION AND ACCESS
Uniform Resource Identifier http://site.ebrary.com/lib/rucke/Doc?id=10103796

No items available.

© 2026 Rongo University
Contact us: librarian | system librarian | Rongo university